Normal view
MARC view
- Zulfiqar Ali (00000204649)
Entry Personal Name
001 - CONTROL NUMBER
- control field: 116527
003 - CONTROL NUMBER IDENTIFIER
- control field: NUST
005 - DATE AND TIME OF LATEST TRANSACTION
- control field: 20230912170001.0
008 - FIXED-LENGTH DATA ELEMENTS
- fixed length control field: 230912|| aca||aabn | a|a d
040 ## - CATALOGING SOURCE
- Original cataloging agency: NUST
- Transcribing agency: NUST
100 ## - HEADING--PERSONAL NAME
- Personal name: Zulfiqar Ali (00000204649)
670 ## - SOURCE DATA FOUND
- Source citation: Work cat.: (NUST): Zulfiqar Ali (00000204649), Biomass to Bioenergy : A Market Analysis of Pakistan /, 2020
